| 000 | 01111nam a2200289 4500 | ||
|---|---|---|---|
| 003 | EC-UNACH | ||
| 005 | 20260318122523.0 | ||
| 006 | s||||gr|||| 00| 00 | ||
| 008 | 150116t9999 mx r gr 000 0 spa d | ||
| 020 | _a978-9942-9976-0-9 | ||
| 040 |
_aEC-UNACH _cEC-UNACH |
||
| 041 | _aspa | ||
| 082 | 0 | 4 |
_223 _a708 _bL018639 |
| 100 | _aLobo Guerrero, Jimena | ||
| 245 |
_aCasa del alabado _bGuía del museo |
||
| 250 | _aPrimera Edición | ||
| 264 |
_aQuito - Ecuador _bMuseo de arte precolombino _c2010 |
||
| 300 |
_a120 páginas _c27 x 21 cm |
||
| 501 | _aIncluye glosario, contenido | ||
| 505 | _aLa casa del Alabado -- Introducción al arte precolombino -- El mundo de los ancestros -- El mundo primordial -- El mundo de los materiales -- Los mundos paralelos -- El eje del mundo -- El mundo espiritual del Chamán -- El mundo de las Élites -- El mundo del arte. | ||
| 650 | _aLENGUAJES ARQUITECTÓNICOS | ||
| 650 | _aOBJETOS SIMBÓLICOS | ||
| 942 |
_2ddc _c1 |
||
| 999 | _c14436 | ||